<?xml version="1.0" encoding="UTF-8"?><?xml-stylesheet type="text/xsl" href="static/style.xsl"?><OAI-PMH xmlns="http://www.openarchives.org/OAI/2.0/" xmlns:xsi="http://www.w3.org/2001/XMLSchema-instance" xsi:schemaLocation="http://www.openarchives.org/OAI/2.0/ http://www.openarchives.org/OAI/2.0/OAI-PMH.xsd"><responseDate>2026-04-13T15:20:58Z</responseDate><request verb="GetRecord" identifier="oai:www.recercat.cat:20.500.12327/59" metadataPrefix="marc">https://recercat.cat/oai/request</request><GetRecord><record><header><identifier>oai:recercat.cat:20.500.12327/59</identifier><datestamp>2025-10-22T11:29:10Z</datestamp><setSpec>com_2072_4428</setSpec><setSpec>com_2072_4427</setSpec><setSpec>col_2072_487898</setSpec></header><metadata><record xmlns="http://www.loc.gov/MARC21/slim" xmlns:dcterms="http://purl.org/dc/terms/" xmlns:xsi="http://www.w3.org/2001/XMLSchema-instance" xmlns:doc="http://www.lyncode.com/xoai" xsi:schemaLocation="http://www.loc.gov/MARC21/slim http://www.loc.gov/standards/marcxml/schema/MARC21slim.xsd">
   <leader>00925njm 22002777a 4500</leader>
   <datafield ind2=" " ind1=" " tag="042">
      <subfield code="a">dc</subfield>
   </datafield>
   <datafield ind2=" " ind1=" " tag="720">
      <subfield code="a">Panea, Begoña</subfield>
      <subfield code="e">author</subfield>
   </datafield>
   <datafield ind2=" " ind1=" " tag="720">
      <subfield code="a">Olleta, José Luis</subfield>
      <subfield code="e">author</subfield>
   </datafield>
   <datafield ind2=" " ind1=" " tag="720">
      <subfield code="a">Sañudo, Carlos</subfield>
      <subfield code="e">author</subfield>
   </datafield>
   <datafield ind2=" " ind1=" " tag="720">
      <subfield code="a">Campo, María del Mar</subfield>
      <subfield code="e">author</subfield>
   </datafield>
   <datafield ind2=" " ind1=" " tag="720">
      <subfield code="a">Oliver, María Angels</subfield>
      <subfield code="e">author</subfield>
   </datafield>
   <datafield ind2=" " ind1=" " tag="720">
      <subfield code="a">Gispert, Marina</subfield>
      <subfield code="e">author</subfield>
   </datafield>
   <datafield ind2=" " ind1=" " tag="720">
      <subfield code="a">Serra, Xavier</subfield>
      <subfield code="e">author</subfield>
   </datafield>
   <datafield ind2=" " ind1=" " tag="720">
      <subfield code="a">Renand, Gilles</subfield>
      <subfield code="e">author</subfield>
   </datafield>
   <datafield ind2=" " ind1=" " tag="720">
      <subfield code="a">Oliván, María del Carmen</subfield>
      <subfield code="e">author</subfield>
   </datafield>
   <datafield ind2=" " ind1=" " tag="720">
      <subfield code="a">Jabet, Sylvie</subfield>
      <subfield code="e">author</subfield>
   </datafield>
   <datafield ind2=" " ind1=" " tag="720">
      <subfield code="a">García, Susana</subfield>
      <subfield code="e">author</subfield>
   </datafield>
   <datafield ind2=" " ind1=" " tag="720">
      <subfield code="a">López, Montaña</subfield>
      <subfield code="e">author</subfield>
   </datafield>
   <datafield ind2=" " ind1=" " tag="720">
      <subfield code="a">Izquierdo, Mercedes</subfield>
      <subfield code="e">author</subfield>
   </datafield>
   <datafield ind2=" " ind1=" " tag="720">
      <subfield code="a">García‐Cachán, María Dolores</subfield>
      <subfield code="e">author</subfield>
   </datafield>
   <datafield ind2=" " ind1=" " tag="720">
      <subfield code="a">Quintanilla, Raquel</subfield>
      <subfield code="e">author</subfield>
   </datafield>
   <datafield ind2=" " ind1=" " tag="720">
      <subfield code="a">Piedrafita, Jesús</subfield>
      <subfield code="e">author</subfield>
   </datafield>
   <datafield ind2=" " ind1=" " tag="260">
      <subfield code="c">2018-06-23</subfield>
   </datafield>
   <datafield ind2=" " ind1=" " tag="520">
      <subfield code="a">In the current study the collagen, texture, and sensory characteristics of meat from 712 yearling males of 10 local Spanish and French beef breeds raised in their typical production systems were described. The breed‐production system affected collagen and texture variables but affected sensory variables only slightly. There was a large amount of intra breed‐production system variation for all the variables. French breeds had lower values for collagen solubility (~12%) than Spanish breeds (~40%). Stress (WB) varied from 36 N/cm2 in Casina to 44 N/cm2 in Salers, whereas compression stress at 80% ranged from 35 N/cm2 in Asturiana de los Valles to 40 N/cm2 in Salers. Oven cooking resulted in higher cooking losses (24%) than cooking on a grill (12%). Cooking losses increased as the grill temperature increased. Numerous significant correlations were found among variables. Carcass weight is associated with all the collagen and texture variables. Correlation coefficients among texture and collagen variables were statistically significant and these correlation coefficients were in general higher for solubility percentage than for total collagen content, highlighting the importance of the solubility of collagen rather than total collagen in determining meat textural properties.&#xd;
&#xd;
Practical applications.&#xd;
&#xd;
To differentiate a product in the market, it is necessary to define its characteristics. Differentiation allows increasing the added value of products and, therefore, income of the farmers. In addition, it guarantees to the consumers that the product they purchase has the intrinsic and extrinsic quality features that they seek. For consumers, beef texture is one of the most important quality attributes sought, therefore, studying factors that can affect beef texture is a major interest for the industry.</subfield>
   </datafield>
   <datafield ind1="8" ind2=" " tag="024">
      <subfield code="a">Panea, B., Olleta, J., Sañudo, C., del Mar Campo, M., Oliver, M., &amp; Gispert, M. et al. (2018). Effects of breed-production system on collagen, textural, and sensory traits of 10 European beef cattle breeds. Journal Of Texture Studies, 49(5), 528-535. doi:10.1111/jtxs.12350</subfield>
   </datafield>
   <datafield ind1="8" ind2=" " tag="024">
      <subfield code="a">0022-4901</subfield>
   </datafield>
   <datafield ind1="8" ind2=" " tag="024">
      <subfield code="a">http://hdl.handle.net/20.500.12327/59</subfield>
   </datafield>
   <datafield ind1="8" ind2=" " tag="024">
      <subfield code="a">https://doi.org/10.1111/jtxs.12350</subfield>
   </datafield>
   <datafield ind2="0" ind1="0" tag="245">
      <subfield code="a">Effects of breed‐production system on collagen, textural, and sensory traits of 10 European beef cattle breeds</subfield>
   </datafield>
</record></metadata></record></GetRecord></OAI-PMH>